Selected readings in the history of librarianship / (Record no. 728)
[ view plain ]
| 000 -LEADER | |
|---|---|
| fixed length control field | 00707nam a22002417a 4500 |
| 001 - CONTROL NUMBER | |
| control field | 728 |
| 003 - CONTROL NUMBER IDENTIFIER | |
| rucl marc code | BD-RjUL |
| 005 - DATE AND TIME OF LATEST TRANSACTION | |
| control field | 20211208233225.0 |
| 008 - FIXED-LENGTH DATA ELEMENTS--GENERAL INFORMATION | |
| fixed length control field | 131123s1966 Uk |||| |||| 001 0 eng d |
| 035 ## - SYSTEM CONTROL NUMBER | |
| System control number | (BD-RjUL) 748 |
| 040 ## - CATALOGING SOURCE | |
| Original cataloging agency | BD-RjUL |
| Language of cataloging | eng |
| Transcribing agency | BD-RjUL |
| 041 ## - LANGUAGE CODE | |
| Language code of text/sound track or separate title | eng |
| 082 ## - DEWEY DECIMAL CLASSIFICATION NUMBER | |
| Edition number | 16 |
| Classification number | 020.9 |
| Author mark and year | THS |
| 100 1# - MAIN ENTRY--PERSONAL NAME | |
| Personal name | Thornton, John Leonard |
| 9 (RLIN) | 2161 |
| 245 1# - TITLE STATEMENT | |
| Title | Selected readings in the history of librarianship / |
| Statement of responsibility, etc. | John Leonard Thornton. |
| 260 ## - PUBLICATION, DISTRIBUTION, ETC. (IMPRINT) | |
| Place of publication, distribution, etc. | London: |
| Name of publisher, distributor, etc. | The Library Association, |
| Date of publication, distribution, etc. | c1966 |
| 300 ## - PHYSICAL DESCRIPTION | |
| Pagination | 408 p. : |
| Illustrations | ports. ; |
| Size | 23 cm. |
| 504 ## - BIBLIOGRAPHY, ETC. NOTE | |
| Bibliography, etc | Includes Index. |
| 650 7# - SUBJECT ADDED ENTRY--TOPICAL TERM | |
| Source of heading or term | SLSH |
| Topical term or geographic name as entry element | Library science |
| 9 (RLIN) | 2162 |
| Topical term or geographic name as entry element | Library science -- Great Britain. |
| 9 (RLIN) | 2163 |
| 942 ## - ADDED ENTRY ELEMENTS (KOHA) | |
| Source of classification or shelving scheme | Dewey Decimal Classification |
| Koha item type | Books |
| Lost status | Source of classification or shelving scheme | Damaged status | Not for loan | Collection code | Permanent Location | Current Location | Shelving location | Date acquired | Cost, normal purchase price | Total Checkouts | Full call number | Date last seen | Copy number | Koha item type | Source of acquisition |
|---|---|---|---|---|---|---|---|---|---|---|---|---|---|---|---|
| Dewey Decimal Classification | Non-fiction | Central Library, University of Rajshahi | Central Library, University of Rajshahi | 01/01/1970 | 88.00 | 020.9 THS 1966 | 23/11/2013 | C3 | Books | ||||||
| Dewey Decimal Classification | Non-fiction | Central Library, University of Rajshahi | Central Library, University of Rajshahi | 22/07/1970 | 8.00 | 020.9 THS 1966 | 23/11/2013 | C-2 | Books | Swet Zuithing | |||||
| Dewey Decimal Classification | Not For Loan | Non-fiction | Central Library, University of Rajshahi | Central Library, University of Rajshahi | Reading Room | 23/07/1970 | 0.00 | 020.9 THS 1966 | 01/12/2016 | C-1 | Books | Sweet Zeitlinger |